Random World Capitals - Empty Map Quiz - Statistics

General Stats
  • This quiz has been taken 2,031 times
    2,029 since last reset
  • The average score is 11 of 20
Answers on the Map
Answers color-coded by a green-red scale on the quiz's map according to % correct below.
 
Answer Stats
Answer % Correct
Canberra
82%
Mexico City
81%
Ottawa
80%
Brasília
79%
La Paz / Sucre
78%
Reykjavík
78%
Seoul
78%
Wellington
78%
Washington D.C.
77%
Antananarivo
76%
Helsinki
76%
Tokyo
76%
Berlin
75%
London
75%
Panama City
74%
Pretoria / Cape Town
/ Bloemfontein
74%
Amsterdam
73%
Ankara
73%
Beijing
73%
Asunción
72%
Buenos Aires
72%
Moscow
72%
Paris
72%
Pyongyang
72%
Santiago
72%
Dublin
70%
Hanoi
70%
Montevideo
70%
Ulaanbaatar
70%
Minsk
69%
Oslo
69%
Brussels
67%
Djibouti
67%
Jakarta
67%
Stockholm
67%
Andorra la Vella
66%
Copenhagen
65%
Kuwait City
65%
Madrid
65%
Warsaw
65%
Kuala Lumpur
64%
Quito
64%
Brazzaville
63%
Havana
63%
Lisbon
63%
Nairobi
63%
Abu Dhabi
62%
Bern
62%
Sofia
62%
Guatemala City
61%
Luxembourg
61%
Monaco
61%
Santo Domingo
61%
Skopje
61%
Bissau
60%
Bratislava
60%
Cairo
60%
Chișinău
60%
Lomé
60%
N'Djamena
60%
San Salvador
60%
Taipei
60%
Tegucigalpa
60%
Kingston
59%
Nukuʻalofa
59%
Sri
Jayawardenepura
Kotte
59%
Athens
58%
Damascus
58%
Kathmandu
58%
Lima
58%
Luanda
58%
Rome
58%
San José
58%
Singapore
58%
Tallinn
58%
Bangkok
57%
Vatican City
57%
Windhoek
57%
Addis Ababa
56%
Vaduz
56%
Accra
55%
Ashgabat
55%
Bucharest
55%
Libreville
55%
Prague
55%
Riyadh
55%
Sarajevo
55%
South Tarawa
55%
Bogotá
54%
Islamabad
54%
Managua
54%
Mogadishu
54%
Tripoli
54%
Zagreb
54%
Amman
53%
Baku
53%
Bandar Seri
Begawan
53%
Dili
53%
Port Moresby
53%
São Tomé
53%
Algiers
52%
New Delhi
52%
Port-au-Prince
52%
Caracas
51%
Nassau
51%
San Marino
51%
Tunis
51%
Vienna
51%
Apia
50%
Baghdad
50%
Dhaka
50%
Freetown
50%
Funafuti
50%
Georgetown
50%
Khartoum
50%
Kiev
50%
Beirut
49%
Doha
49%
Riga
49%
Vilnius
49%
Dodoma
48%
Jerusalem
48%
Mbabane
48%
Nouakchott
48%
Port Vila
48%
Roseau
48%
Tirana
48%
Budapest
47%
Manila
47%
Ouagadougou
47%
Thimphu
47%
Asmara
46%
Kinshasa
46%
Muscat
46%
Port-of-Spain
46%
Rabat
46%
Sana'a
46%
Yerevan
46%
Juba
45%
Kabul
45%
Lilongwe
45%
Malé
45%
Nicosia
45%
Tbilisi
45%
Belgrade
44%
Dushanbe
44%
Kigali
44%
Ljubljana
44%
Naypyidaw
44%
Palikir
44%
Paramaribo
44%
Pristina
44%
Basseterre
43%
Belmopan
43%
Bishkek
43%
Lusaka
43%
Maputo
43%
Maseru
43%
Niamey
43%
Praia
43%
Saint George's
43%
Dakar
42%
Banjul
41%
Castries
41%
Nur-Sultan
41%
Yamoussoukro
41%
Yaoundé
41%
Bamako
40%
Bangui
40%
Gitega
40%
Harare
40%
Malabo
40%
Manama
40%
Phnom Penh
40%
Podgorica
40%
Saint John's
40%
Tashkent
40%
Valletta
40%
Vientiane
39%
Abuja
38%
Bridgetown
38%
Kingstown
38%
Port Louis
38%
Yaren
38%
Conakry
37%
Ngerulmud
37%
Tehran
36%
Gaborone
34%
Moroni
34%
Victoria
34%
Kampala
33%
Honiara
32%
Majuro
32%
Monrovia
29%
Porto-Novo /
Cotonou
29%
Suva
29%
No matching quizzes found
Score Distribution
Percent of People with Each Score
Percentile by Number Answered
Your Score History
You have not taken this quiz since the last reset